MARC

LEADER 00000nam0a2200000 4500
001 356877
005 20231102010933.0
035 |a (RuTPU)RU\TPU\retro\14137 
090 |a 356877 
100 |a 20200724d1973 m y0rusy50 ca 
101 0 |a rus 
102 |a RU 
105 |a a z 001zy 
200 1 |a Вальцевание и каландрование  |f Г. А. Лебедев, В. Н. Красовский  |g под ред. В. А. Брагинского 
210 |a Ленинград  |c Химия  |d 1973 
215 |a 88 с.  |c ил. 
225 1 |a Библиотечка рабочего по переработке пластмасс 
320 |a Библиогр.: с. 87 
606 1 |a Вальцевание  |2 stltpush  |3 (RuTPU)RU\TPU\subj\2028  |9 30664 
610 1 |a полимеры 
610 1 |a каландрование 
610 1 |a технологические процессы 
610 1 |a валковое оборудование 
610 1 |a конструктивные особенности 
610 1 |a вальцы 
610 1 |a каландры 
610 1 |a техника безопасности 
675 |a 678.5.027  |v 4 
700 1 |a Лебедев  |b Г. А.  |g Григорий Александрович 
701 1 |a Красовский  |b В. Н.  |g Владимир Николаевич 
702 1 |a Брагинский  |b В. А.  |4 340 
801 1 |a RU  |b 63413507  |c 20200724 
801 2 |a RU  |b 63413507  |c 20210405  |g RCR 
942 |c BK